| 000 | 01094nam a22002657a 4500 | ||
|---|---|---|---|
| 999 |
_c64106 _d64106 |
||
| 005 | 20240530110715.0 | ||
| 008 | 180219s2016 ua ak g b 00| 0dara d | ||
| 017 |
_a2015/15019 _bمصر. دار الكتب |
||
| 020 | _a9789778521573 | ||
| 040 |
_aEG-CaGPL _cEG-CaGPL |
||
| 082 | 0 | 4 |
_221 _a338.9 / _bع ت |
| 100 | 0 | _aعثمان محمد عثمان | |
| 245 | 1 | 2 |
_aالتنمية العادلة : _bالنمو الاقتصادى - توزيع الدخل - مشكلة الفقر / _cتاليف عثمان محمد عثمان |
| 250 | _aط. 1 | ||
| 260 |
_aالقاهرة : _bشركة روابط للنشر وتقنية المعلومات، _c2016. |
||
| 300 |
_a312 ص. : _bايض ؛ _c24 سم |
||
| 504 | _aيشتمل على ارجاعات ببليوجرافية | ||
| 650 | 0 | 7 |
_2qrmak _aالتنمية الاقتصادية |
| 650 | 0 | 7 |
_2qrmak _aالاستثمار |
| 650 | 0 | 7 |
_2qrmak _aالتخطيط الاقتصادى |
| 650 | 0 | 7 |
_2qrmak _aالتغير الاجتماعى |
| 651 | 0 | 7 |
_2qrmak _aمصر _xالاحوال الاقتصادية |
| 942 |
_2ddc _cBK |
||